| 000 | 00472pab a2200169 454500 | ||
|---|---|---|---|
| 008 | 180718b2011 xxu||||| |||| 00| 0 eng d | ||
| 100 | _aPralle, Sarah | ||
| 245 | _aFraming trade-offs: The politics of nuclear power and wind energy in the age of global climate change | ||
| 260 | _c2011 | ||
| 300 | _ap.323-346. | ||
| 362 | _aJul | ||
| 650 | _aClimatic change | ||
| 700 | _aBoscarino, Jessica | ||
| 773 | _aReview of Policy Research | ||
| 908 | _aN | ||
| 909 | _a92955 | ||
| 999 |
_c92955 _d92955 |
||